000 00599nam a2200193Ia 4500
999 _c34569
_d34569
003 OSt
005 20200918133107.0
008 190216s9999||||xx |||||||||||||| ||und||
020 _a9780070702134
040 _coclc
082 _a531
_bKIT/M
100 _aKittel, Charles
_94293
245 0 _aMechanics /
_cCharles Kittel ; Walter D Knight ; M A Ruderman ; C A Helmholz ; B J Moyer
250 _a2nd Ed.
260 _bMcGraw Hill Education (india) Private Limited,
_c2013.
_aNew Delhi:
300 _a451p
650 _aPhysics
942 _cBK
_2ddc
_h531
_iKIT/M
_k531
_mKIT/M